| 000 | 00358nam a2200133Ia 4500 | ||
|---|---|---|---|
| 008 | 240624s9999 xx 000 0 und d | ||
| 041 | _aeng | ||
| 082 | _a302.35 BOD | ||
| 100 | _aBODDY CLIVE R | ||
| 245 | _aCORPORATE PSYCHOPATHS ORGANISATIONAL DES | ||
| 260 |
_c2011 _aNew York _bPalgrave Macmillan |
||
| 300 | _ax, : 195 : p. : cm. ; 22 | ||
| 365 |
_cGBP _b50 |
||
| 999 |
_c27181 _d27181 |
||